000 00793aaa a2200253 4500
001 14396
003 HDC
007 cr bn ---aaaaa
008 210214p2002 o 0o0 0 m eng
040 _aHDC
245 0 _aRed Meat Safety & Clean Livestock
260 _a[no place] :
_b[publisher not identified],
_c2002
300 _a24 pages
336 _atext
_2rdacontent
337 _acomputer
_2rdamedia
338 _aonline resource
_2rdacarrier
650 _aClean Livestock
_914984
650 _aRed Meat
_95967
710 _aFood Standards Agency
856 _zRequest full-text at [email protected]
942 _2lcc
942 _cEBOOK
942 _kEBOK 000980
999 _c11712
_d11712